Statistics for One Arsenal Player by Nation

Click here to take the quiz!

General Stats

  • This quiz has been taken 2,616 times
    (1,815 since last reset)
  • The average score is 17 of 22

Answer Stats

NationPlayer% Correct
EnglandRay Parlour | David Seaman | Martin Keown | +61 others
100%
FrancePatrick Vieira | Thierry Henry | Laurent Koscielny | +26 others
99%
BrazilGilberto Silva | Denílson | Edu Gaspar | +10 others
97%
GermanyMesut Özil | Per Mertesacker | Jens Lehmann | +6 others
96%
SpainCesc Fàbregas | Nacho Monreal | Héctor Bellerín | +11 others
95%
SwitzerlandGranit Xhaka | Johan Djourou | Philippe Senderos | +1 other
92%
NetherlandsDennis Bergkamp | Robin van Persie | Marc Overmars | +3 others
90%
Ivory CoastKolo Touré | Emmanuel Eboué | Nicolas Pépé | +1 other
86%
GhanaThomas Partey | Emmanuel Frimpong | Quincy Owusu-Abeyie
80%
WalesAaron Ramsey | John Hartson | Rhys Weston
79%
ScotlandKieran Tierney | Scott Marshall | Paul Dickov
78%
PortugalCédric Soares | Luís Boa Morte | Nuno Tavares| +1 other
76%
GreeceSokratis Papastathopoulos | Konstantinos Mavropanos | Stathis Tavlaridis
75%
SwedenFreddie Ljungberg | Stefan Schwarz | Anders Limpar | +3 others
74%
CzechiaTomáš Rosický | Petr Čech
74%
ItalyVito Mannone | Jorginho | Arturo Lupoli
73%
BelgiumThomas Vermaelen | Albert Sambi Lokonga | Leandro Trossard
71%
PolandWojciech Szczęsny | Łukasz Fabiański | Jakub Kiwior
69%
ArgentinaNelson Vivas | Emiliano Martínez | Fabián Caballero
54%
CameroonLauren | Alex Song
48%
DenmarkNicklas Bendtner | John Jensen
40%
CroatiaEduardo da Silva | Davor Šuker
38%

Score Distribution

Percentile by Number Answered

Percent of People with Each Score

Your Score History

You have not taken this quiz since the last reset